[Event "Guzinsky Memorial-B 6th"]
[Site "Lazy"]
[Date "2013.04.30"]
[Round "4"]
[White "Koseska, Kamila"]
[Black "Drozdz, Jakub"]
[Result "1/2-1/2"]
[WhiteElo "1249"]
[BlackElo "1373"]
[PlyCount "39"]
[EventDate "2013.04.28"]
[EventType "swiss"]
[EventRounds "9"]
[EventCountry "POL"]
[SourceTitle "EXT 2015"]
[Source "ChessBase"]
[SourceDate "2014.11.20"]
[SourceVersion "1"]
[SourceVersionDate "2014.11.20"]
[SourceQuality "1"]

1. e4 e5 2. Nf3 Nf6 3. Nc3 Nc6 4. Bc4 Bc5 5. 0-0 0-0 6. d3 h6 7. Be3 Bb6 8. Bxb6 axb6 9. d4 d6 10. dxe5 Nxe5 11. Nxe5 dxe5 12. Qxd8 Rxd8 13. Rad1 Bd7 14. f3 Bc6 15. Rxd8+ Rxd8 16. Rd1 Rxd1+ 17. Nxd1 Ne8 18. Ne3 Nd6 19. Bb3 g6 20. Ng4 1/2-1/2

[Event "Mazowiec-chT op Autumn"]
[Site "Poland"]
[Date "2012.10.14"]
[Round "1.12"]
[White "Drozdz, Jakub"]
[Black "Moscicki, Slawomir"]
[Result "1-0"]
[WhiteElo "1371"]
[BlackElo "1412"]
[PlyCount "59"]
[EventDate "2012.10.14"]
[EventType "team-swiss"]
[EventRounds "8"]
[EventCountry "POL"]
[SourceTitle "EXT 2019"]
[Source "ChessBase"]
[SourceDate "2018.10.10"]
[SourceVersion "1"]
[SourceVersionDate "2018.10.10"]
[SourceQuality "1"]

1. c4 f5 2. Nc3 Nf6 3. d4 g6 4. Nf3 d6 5. b3 Bg7 6. g3 0-0 7. Bg2 c5 8. e3 Ne4 9. Bb2 Qa5 10. Qd3 Nc6 11. a3 cxd4 12. exd4 e5 13. b4 Nxb4 14. axb4 Qxb4 15. Rb1 exd4 16. Nxd4 Re8 17. 0-0 Nc5 18. Qd2 Ne4 19. Nxe4 Qxd2 20. Nxd2 Rb8 21. Rfe1 Bd7 22. Rxe8+ Rxe8 23. Bxb7 Rb8 24. Bd5+ Kh8 25. Bc3 Re8 26. Rb7 Re1+ 27. Nf1 Rc1 28. Rb8+ Bf8 29. Ne6+ Rxc3 30. Rxf8# 1-0